000
00241nam a22000857a 4500
245
_a
Efficiency of fungicides in the control of Microcyclus ulei in vitro and in vivo
260
_a
Revista Theobroma 15(4)
_c
1985
300
_a
185-190
942
_c
RE
999
_c
75385
_d
75385